Poissons #1 - Mort subite - Statistiques

Statistiques générales
  • Ce quiz a été pris 1 983 fois
  • Le résultat moyen est 6 sur 16
Answers on the Grid
Answers color-coded by a green-red scale on the quiz's grid according to % correct below.
Brême
Ombre
Omble
Brêle
Ambre
Amble
Sandre
Sole
Sabre
Labre
Cabre
Môle
Mâle
Mule
Mulet
Rascasse
Carcasse
Sargasse
Mérou
Térou
Bayrou
Furet
Napoléon
Barbue
Barbeau
Barbon
Barbara
Babar
Combattant
Lâche
Loche
Moche
 
Statistiques - réponses
Réponse % Correct
Sole
69%
Mérou
66%
Combattant
49%
Rascasse
49%
Napoléon
46%
Sandre
45%
Barbeau
40%
Loche
40%
Mulet
37%
Barbue
35%
Omble
34%
Brême
29%
Sabre
27%
Ombre
21%
Labre
20%
Môle
11%
Aucun quiz correspondant
Distribution des résultats
% des personnes avec chaque résultat
Percentile par nombre de réponses
Votre historique - résultats
Vous n’avez pas pris ce quiz